<?xml version="1.0" encoding="UTF-8"?>
<record
    xmlns:xsi="http://www.w3.org/2001/XMLSchema-instance"
    xsi:schemaLocation="http://www.loc.gov/MARC21/slim http://www.loc.gov/standards/marcxml/schema/MARC21slim.xsd"
    xmlns="http://www.loc.gov/MARC21/slim">

  <leader>03726njm a2200553Ia 4500</leader>
  <controlfield tag="001">25665</controlfield>
  <controlfield tag="003">IT-RoPAU</controlfield>
  <controlfield tag="005">20220918181123.0</controlfield>
  <controlfield tag="008">131025s9999    xx            000 0 und d</controlfield>
  <datafield tag="040" ind1=" " ind2=" ">
    <subfield code="a">IT-RoPAU</subfield>
  </datafield>
  <datafield tag="040" ind1=" " ind2=" ">
    <subfield code="c">IT-RoPAU</subfield>
  </datafield>
  <datafield tag="041" ind1=" " ind2=" ">
    <subfield code="a">ITALIANO</subfield>
  </datafield>
  <datafield tag="999" ind1=" " ind2=" ">
    <subfield code="c">99982</subfield>
    <subfield code="d">99982</subfield>
  </datafield>
  <datafield tag="999" ind1=" " ind2=" ">
    <subfield code="b">n.d.</subfield>
  </datafield>
  <datafield tag="100" ind1=" " ind2=" ">
    <subfield code="a">AA.VV.</subfield>
    <subfield code="9">794</subfield>
  </datafield>
  <datafield tag="100" ind1=" " ind2=" ">
    <subfield code="e">Autore musica</subfield>
    <subfield code="9">13289</subfield>
  </datafield>
  <datafield tag="100" ind1=" " ind2=" ">
    <subfield code="g">Codice autore musica SPICS: 12000</subfield>
    <subfield code="9">796</subfield>
  </datafield>
  <datafield tag="245" ind1=" " ind2=" ">
    <subfield code="a">Grandi successi di Achille Togliani (I)</subfield>
  </datafield>
  <datafield tag="250" ind1=" " ind2=" ">
    <subfield code="a">1a ed.</subfield>
  </datafield>
  <datafield tag="260" ind1=" " ind2=" ">
    <subfield code="a">TORINO</subfield>
  </datafield>
  <datafield tag="260" ind1=" " ind2=" ">
    <subfield code="b">FONIT CETRA</subfield>
    <subfield code="c">1980 [1a Ed.:1980 - Ed. Lingua Orig.: 1980]</subfield>
  </datafield>
  <datafield tag="300" ind1=" " ind2=" ">
    <subfield code="a">DISCO</subfield>
  </datafield>
  <datafield tag="300" ind1=" " ind2=" ">
    <subfield code="c">40 minuti (Testo:  pag.)</subfield>
  </datafield>
  <datafield tag="500" ind1=" " ind2=" ">
    <subfield code="a">Canzone italiana. Grandi successi interpretati da Achille Togliani</subfield>
  </datafield>
  <datafield tag="505" ind1=" " ind2=" ">
    <subfield code="a">Signorinella (3:00) - Parlami d'amore Mari&#xF9; (4:00) - Chi siete (3:00) - Addio signora (3:00) - La signora di trent'anni fa  (4:00) - Cara piccina (3:00) - Non so dir ti voglio bene (4:00) - Accarezzame (4:00) - Lasciami cantare una canzone (4:00) - Ti chiedo solo di volermi bene (4:00) - Un po' all'antica (4:00) - Non si compra la fortuna (4:00)</subfield>
  </datafield>
  <datafield tag="650" ind1=" " ind2=" ">
    <subfield code="a">CANZONE ITALIAN [DISCHI]</subfield>
    <subfield code="e">Codice MATERIA SPICS: 9950</subfield>
    <subfield code="9">13290</subfield>
  </datafield>
  <datafield tag="700" ind1=" " ind2=" ">
    <subfield code="a">Togliani Achille</subfield>
    <subfield code="g">Codice interprete SPICS: 11546</subfield>
    <subfield code="e">Interprete</subfield>
    <subfield code="9">13291</subfield>
  </datafield>
  <datafield tag="700" ind1=" " ind2=" ">
    <subfield code="a">Bovio Libero</subfield>
    <subfield code="g">Codice autore musica SPICS: 13462</subfield>
    <subfield code="e">Autore musica</subfield>
    <subfield code="p">Signorinella - Cara piccina</subfield>
    <subfield code="9">13294</subfield>
  </datafield>
  <datafield tag="700" ind1=" " ind2=" ">
    <subfield code="a">Valente Nicola</subfield>
    <subfield code="g">Codice autore testo/musica SPICS: 13463</subfield>
    <subfield code="e">Autore testo/musica</subfield>
    <subfield code="p">Signorinella</subfield>
    <subfield code="9">13295</subfield>
  </datafield>
  <datafield tag="700" ind1=" " ind2=" ">
    <subfield code="a">Neri Ennio</subfield>
    <subfield code="g">Codice autore musica SPICS: 13457</subfield>
    <subfield code="e">Autore musica</subfield>
    <subfield code="p">Parlami d'amore Mari&#xF9; - Addio signora</subfield>
    <subfield code="9">13296</subfield>
  </datafield>
  <datafield tag="700" ind1=" " ind2=" ">
    <subfield code="a">Bixio Cesare Andrea</subfield>
    <subfield code="g">Codice autore testo/musica SPICS: 13441</subfield>
    <subfield code="e">Autore testo/musica</subfield>
    <subfield code="p">Parlami d'amore Mari&#xF9; - Lasciami cantare una canzone</subfield>
    <subfield code="9">13297</subfield>
  </datafield>
  <datafield tag="700" ind1=" " ind2=" ">
    <subfield code="a">Cosentino Saro</subfield>
    <subfield code="g">Codice autore musica SPICS: 13459</subfield>
    <subfield code="e">Autore musica</subfield>
    <subfield code="p">Chi siete</subfield>
    <subfield code="9">13298</subfield>
  </datafield>
  <datafield tag="700" ind1=" " ind2=" ">
    <subfield code="a">De Filippis Tommaso</subfield>
    <subfield code="g">Codice autore testo/musica SPICS: 13433</subfield>
    <subfield code="e">Autore testo/musica</subfield>
    <subfield code="p">Chi siete</subfield>
    <subfield code="9">13299</subfield>
  </datafield>
  <datafield tag="700" ind1=" " ind2=" ">
    <subfield code="a">Simi Gino</subfield>
    <subfield code="g">Codice autore musica SPICS: 13456</subfield>
    <subfield code="e">Autore musica</subfield>
    <subfield code="p">Addio signora</subfield>
    <subfield code="9">13300</subfield>
  </datafield>
  <datafield tag="700" ind1=" " ind2=" ">
    <subfield code="a">Leoni Guido</subfield>
    <subfield code="g">Codice autore musica SPICS: 13455</subfield>
    <subfield code="e">Autore musica</subfield>
    <subfield code="p">La signora di trent'anni fa</subfield>
    <subfield code="9">13301</subfield>
  </datafield>
  <datafield tag="700" ind1=" " ind2=" ">
    <subfield code="a">Natali Nuccia</subfield>
    <subfield code="g">Codice autore testo/musica SPICS: 13454</subfield>
    <subfield code="e">Autore testo/musica</subfield>
    <subfield code="p">La signora di trent'anni fa</subfield>
    <subfield code="9">13302</subfield>
  </datafield>
  <datafield tag="700" ind1=" " ind2=" ">
    <subfield code="a">Lama Gaetano</subfield>
    <subfield code="g">Codice autore testo/musica SPICS: 13468</subfield>
    <subfield code="e">Autore testo/musica</subfield>
    <subfield code="p">Cara piccina</subfield>
    <subfield code="9">13303</subfield>
  </datafield>
  <datafield tag="700" ind1=" " ind2=" ">
    <subfield code="a">Giovannini Sandro</subfield>
    <subfield code="g">Codice autore musica SPICS: 13634</subfield>
    <subfield code="e">Autore musica</subfield>
    <subfield code="p">Non so dir ti voglio bene</subfield>
    <subfield code="9">13304</subfield>
  </datafield>
  <datafield tag="700" ind1=" " ind2=" ">
    <subfield code="a">Garinei Pietro</subfield>
    <subfield code="g">Codice autore SPICS: 13576</subfield>
    <subfield code="e">Autore</subfield>
    <subfield code="p">Non so dir ti voglio bene</subfield>
    <subfield code="9">13305</subfield>
  </datafield>
  <datafield tag="700" ind1=" " ind2=" ">
    <subfield code="a">Kramer Gorni</subfield>
    <subfield code="g">Codice autore testo/musica SPICS: 11552</subfield>
    <subfield code="e">Autore testo/musica</subfield>
    <subfield code="p">Non so dir ti voglio bene</subfield>
    <subfield code="9">13306</subfield>
  </datafield>
  <datafield tag="700" ind1=" " ind2=" ">
    <subfield code="a">Calvi Gianfranco</subfield>
    <subfield code="g">Codice autore musica SPICS: 15955</subfield>
    <subfield code="e">Autore musica</subfield>
    <subfield code="p">Accarezzame</subfield>
    <subfield code="9">13307</subfield>
  </datafield>
  <datafield tag="700" ind1=" " ind2=" ">
    <subfield code="a">Nisa (Salerno Nicola)</subfield>
    <subfield code="g">Codice autore testo/musica SPICS: 13452</subfield>
    <subfield code="e">Autore testo/musica</subfield>
    <subfield code="p">Accarezzame - Non si compra la fortuna</subfield>
    <subfield code="9">13308</subfield>
  </datafield>
  <datafield tag="700" ind1=" " ind2=" ">
    <subfield code="a">Cozzoli Michele</subfield>
    <subfield code="g">Codice autore musica SPICS: 13648</subfield>
    <subfield code="e">Autore musica</subfield>
    <subfield code="p">Lasciami cantare una canzone</subfield>
    <subfield code="9">13309</subfield>
  </datafield>
  <datafield tag="700" ind1=" " ind2=" ">
    <subfield code="a">D'Anzi Giovanni</subfield>
    <subfield code="g">Codice autore testo/musica SPICS: 13458</subfield>
    <subfield code="e">Autore testo/musica</subfield>
    <subfield code="p">Ti chiedo solo di volermi bene</subfield>
    <subfield code="9">13310</subfield>
  </datafield>
  <datafield tag="700" ind1=" " ind2=" ">
    <subfield code="a">Beretta Luciano</subfield>
    <subfield code="g">Codice autore musica SPICS: 13864</subfield>
    <subfield code="e">Autore musica</subfield>
    <subfield code="p">Un po' all'antica</subfield>
    <subfield code="9">13311</subfield>
  </datafield>
  <datafield tag="700" ind1=" " ind2=" ">
    <subfield code="a">Testa Michele (=Gill Armando)</subfield>
    <subfield code="g">Codice autore SPICS: 13131</subfield>
    <subfield code="e">Autore</subfield>
    <subfield code="p">Un po' all'antica</subfield>
    <subfield code="9">13312</subfield>
  </datafield>
  <datafield tag="700" ind1=" " ind2=" ">
    <subfield code="a">Romanini</subfield>
    <subfield code="g">Codice autore testo/musica SPICS: 27761</subfield>
    <subfield code="e">Autore testo/musica</subfield>
    <subfield code="p">Un po' all'antica</subfield>
    <subfield code="9">13313</subfield>
  </datafield>
  <datafield tag="700" ind1=" " ind2=" ">
    <subfield code="a">Redi Gino</subfield>
    <subfield code="g">Codice autore musica SPICS: 13451</subfield>
    <subfield code="e">Autore musica</subfield>
    <subfield code="p">Non si compra la fortuna</subfield>
    <subfield code="9">13314</subfield>
  </datafield>
  <datafield tag="942" ind1=" " ind2=" ">
    <subfield code="c">MD</subfield>
    <subfield code="2">ddc</subfield>
  </datafield>
  <datafield tag="952" ind1=" " ind2=" ">
    <subfield code="0">0</subfield>
    <subfield code="1">0</subfield>
    <subfield code="4">0</subfield>
    <subfield code="6">25665_000000000000000</subfield>
    <subfield code="7">1</subfield>
    <subfield code="a">SPICS</subfield>
    <subfield code="b">SPICS</subfield>
    <subfield code="d">2013-10-25</subfield>
    <subfield code="l">0</subfield>
    <subfield code="o">25665</subfield>
    <subfield code="r">2013-10-25 00:00:00</subfield>
    <subfield code="w">2013-10-25</subfield>
    <subfield code="y">MD</subfield>
    <subfield code="z">Progr. Ins.: 5539 / N.Vol.: 1 / Copie: 1 - Copia rara: n.d. / date import: 01.01.2014 - By Epidotti, Trombetti, Vaglietti</subfield>
  </datafield>
</record>
